| 000 | 00418nam a2200157Ia 4500 | ||
|---|---|---|---|
| 008 | 240729s9999 xx 000 0 und d | ||
| 022 | _a2084-879X | ||
| 245 | 0 | _aNoise Mapping | |
| 260 | _aPoland | ||
| 260 | _bDe Gruyter | ||
| 650 | _a Environmental technology. Sanitary engineering | ||
| 650 | _aTechnology | ||
| 856 | _uhttps://doaj.org/toc/ca2377e2eafc4ce8a6d971772b2d3fc1 | ||
| 942 | _2ddc | ||
| 942 | _cDOAJEJ | ||
| 999 |
_c73761 _d73761 |
||
| 945 |
_a1 _bMadushi Gamage _c1 _dMadushi Gamage |
||